[Event "GER North-chT U16"]
[Site "Magdeburg"]
[Date "2006.08.28"]
[Round "5.1"]
[White "Wapenhans, Martin"]
[Black "Spiess, Gregor"]
[Result "0-1"]
[WhiteElo "1646"]
[BlackElo "1877"]
[PlyCount "84"]
[EventDate "2006.08.26"]
[EventType "team-tourn"]
[EventRounds "7"]
[EventCountry "GER"]
[SourceTitle "EXT 2007"]
[Source "ChessBase"]
[SourceDate "2006.11.23"]
[SourceVersion "1"]
[SourceVersionDate "2006.11.23"]
[SourceQuality "1"]

1. d4 Nf6 2. Nf3 d6 3. Bf4 g6 4. h3 Bg7 5. e3 0-0 6. Be2 Nbd7 7. 0-0 b6 8. c4 Nh5 9. Bh2 e5 10. Nc3 Bb7 11. Rc1 f5 12. b4 a5 13. b5 Re8 14. Na4 c5 15. bxc6 Bxc6 16. Re1 Nhf6 17. Qb3 Kh8 18. Ng5 Re7 19. Bf3 e4 20. Be2 h6 21. Bxd6 hxg5 22. Bxe7 Qxe7 23. g4 Qb4 24. Nc3 Bf8 25. Red1 Rc8 26. Kg2 Bb7 27. Nb5 Ba6 28. f3 Kg7 29. Na7 Rc7 30. Nb5 Bxb5 31. cxb5 Qxb3 32. axb3 Rxc1 33. Rxc1 Bb4 34. Rc7 Kf7 35. Bc4+ Ke7 36. Kf2 f4 37. d5 Bc5 38. fxe4 Nxe4+ 39. Ke2 Bxe3 40. Bd3 Ng3+ 41. Ke1 f3 42. Rc3 f2+ 0-1

[Event "GER North-chT U16"]
[Site "Magdeburg"]
[Date "2006.08.27"]
[Round "4.1"]
[White "Borrink, Joern"]
[Black "Wapenhans, Martin"]
[Result "1-0"]
[WhiteElo "1857"]
[BlackElo "1646"]
[PlyCount "65"]
[EventDate "2006.08.26"]
[EventType "team-tourn"]
[EventRounds "7"]
[EventCountry "GER"]
[SourceTitle "EXT 2007"]
[Source "ChessBase"]
[SourceDate "2006.11.23"]
[SourceVersion "1"]
[SourceVersionDate "2006.11.23"]
[SourceQuality "1"]

1. e4 c5 2. Nf3 Nc6 3. d4 cxd4 4. Nxd4 Nf6 5. Nc3 e5 6. Ndb5 d6 7. Bg5 a6 8. Na3 b5 9. Bxf6 gxf6 10. Nd5 f5 11. Bd3 Be6 12. Qh5 Bg7 13. 0-0 h6 14. c4 bxc4 15. Nxc4 0-0 16. Rac1 fxe4 17. Bxe4 Bxd5 18. Bxd5 Rc8 19. Rc3 Nb4 20. Rd1 Rc5 21. Be4 d5 22. Nxe5 Rxc3 23. bxc3 Bxe5 24. Qxe5 Re8 25. Bh7+ Kxh7 26. Qf5+ Kg7 27. cxb4 d4 28. g3 Re6 29. Qg4+ Kf8 30. Rxd4 Rd6 31. Rxd6 Qxd6 32. h4 Qf6 33. Qc4 1-0

[Event "GER North-chT U16"]
[Site "Magdeburg"]
[Date "2006.08.26"]
[Round "1.1"]
[White "Borgmeyer, Max"]
[Black "Wapenhans, Martin"]
[Result "1-0"]
[WhiteElo "1861"]
[BlackElo "1646"]
[PlyCount "59"]
[EventDate "2006.08.26"]
[EventType "team-tourn"]
[EventRounds "7"]
[EventCountry "GER"]
[SourceTitle "EXT 2007"]
[Source "ChessBase"]
[SourceDate "2006.11.23"]
[SourceVersion "1"]
[SourceVersionDate "2006.11.23"]
[SourceQuality "1"]

1. e4 c5 2. Nf3 Nc6 3. d4 cxd4 4. Nxd4 Nf6 5. Nc3 e5 6. Ndb5 d6 7. Bg5 a6 8. Na3 b5 9. Bxf6 gxf6 10. Nd5 f5 11. Bd3 Be6 12. Qh5 Bg7 13. c3 h6 14. Nc2 f4 15. a4 bxa4 16. Rxa4 Nb8 17. Qe2 a5 18. b4 Bd7 19. Bb5 Nc6 20. 0-0 0-0 21. Rfa1 Kh7 22. bxa5 Ra7 23. Nb6 Nb8 24. Na3 Bxb5 25. Nxb5 Ra6 26. Nd5 Nc6 27. Ndc7 Qc8 28. Nxa6 Qxa6 29. c4 f5 30. Rd1 1-0

[Event "Berlin op 05"]
[Site "Berlin"]
[Date "2006.05.27"]
[Round "6"]
[White "Kunz, Andre"]
[Black "Wapenhans, Martin"]
[Result "1-0"]
[WhiteElo "1787"]
[BlackElo "1572"]
[PlyCount "79"]
[EventDate "2006.05.24"]
[EventType "swiss"]
[EventRounds "7"]
[EventCountry "GER"]
[SourceTitle "EXT 2007"]
[Source "ChessBase"]
[SourceDate "2006.11.23"]
[SourceVersion "1"]
[SourceVersionDate "2006.11.23"]
[SourceQuality "1"]

1. e4 e6 2. d4 d5 3. Nc3 Bb4 4. e5 Ne7 5. a3 Ba5 6. Bd3 Bb6 7. Nf3 c5 8. Nb5 Bc7 9. dxc5 Nd7 10. Nd6+ Bxd6 11. exd6 Ng6 12. b4 a5 13. c3 Qf6 14. Bd2 h6 15. 0-0 Nb8 16. b5 0-0 17. a4 e5 18. Bxg6 fxg6 19. Be3 Qe6 20. Qc2 b6 21. c6 Qxd6 22. Bxb6 Bf5 23. Qe2 e4 24. Nd4 Nd7 25. cxd7 Qxb6 26. Nc6 Bxd7 27. Ne7+ Kh8 28. Nxd5 Qb7 29. Ne3 Rac8 30. Rac1 Be6 31. c4 Rc7 32. c5 Bb3 33. c6 Qc8 34. Ra1 Rd8 35. Qb2 Rd3 36. Ra3 Qe6 37. Rb1 Bc4 38. Rxd3 Bxd3 39. Rc1 Qc8 40. Qc3 1-0

[Event "Berlin op 05"]
[Site "Berlin"]
[Date "2006.05.24"]
[Round "1"]
[White "Wapenhans, Martin"]
[Black "Peschke, Uwe"]
[Result "0-1"]
[WhiteElo "1572"]
[BlackElo "2062"]
[PlyCount "61"]
[EventDate "2006.05.24"]
[EventType "swiss"]
[EventRounds "7"]
[EventCountry "GER"]
[SourceTitle "EXT 2007"]
[Source "ChessBase"]
[SourceDate "2006.11.23"]
[SourceVersion "1"]
[SourceVersionDate "2006.11.23"]
[SourceQuality "1"]

1. d4 Nf6 2. Nf3 g6 3. Bf4 Bg7 4. h3 c5 5. e3 Qb6 6. Nc3 d6 7. Qd2 Bf5 8. Na4 Qc6 9. Nc3 Ne4 10. Bb5 Nxd2 11. Bxc6+ Nxc6 12. Kxd2 cxd4 13. exd4 Nxd4 14. Nxd4 Bxd4 15. Nb5 Bb6 16. g4 Bd7 17. Nc3 Bxf2 18. Ne4 Bb6 19. Rae1 Be6 20. Rhf1 h6 21. Bxd6 0-0-0 22. Kc1 exd6 23. Rd1 d5 24. Nc3 h5 25. a3 hxg4 26. hxg4 Be3+ 27. Kb1 d4 28. Ne4 Bxg4 29. Rde1 f5 30. Nf6 Bh3 31. Rf3 0-1

[Event "GER-ch U12"]
[Site "Willingen"]
[Date "2005.05.19"]
[Round "9"]
[White "Mirke, Roy"]
[Black "Wapenhans, Martin"]
[Result "1-0"]
[WhiteElo "1549"]
[BlackElo "1416"]
[PlyCount "81"]
[EventDate "2005.05.14"]
[EventType "swiss"]
[EventRounds "11"]
[EventCountry "GER"]
[SourceTitle "CBM 106 Extra"]
[Source "ChessBase"]
[SourceDate "2005.07.01"]
[SourceVersion "1"]
[SourceVersionDate "2005.07.01"]
[SourceQuality "1"]

1. b3 e5 2. Bb2 Nc6 3. e3 d5 4. Be2 a6 5. Nf3 Bd6 6. 0-0 Nf6 7. c4 0-0 8. d3 Qe7 9. Nbd2 Re8 10. Qc2 h6 11. Rac1 Ba3 12. h3 Bf5 13. cxd5 Bxb2 14. dxc6 Bxc1 15. Rxc1 b6 16. e4 Bg6 17. Nc4 Qc5 18. Ne3 Qxc2 19. Rxc2 Re6 20. b4 b5 21. Rc5 Rae8 22. g4 h5 23. Bd1 hxg4 24. hxg4 Nh7 25. a4 Kh8 26. axb5 axb5 27. Rd5 Rd6 28. Nxe5 Nf8 29. Rxb5 Rxe5 30. Rxe5 Rxd3 31. Bc2 Rd6 32. b5 f6 33. Rd5 Bxe4 34. Rxd6 cxd6 35. c7 Bb7 36. Be4 Bc8 37. b6 Nd7 38. b7 Bxb7 39. Bxb7 Nb6 40. Nd5 Nc8 41. Bxc8 1-0

[Event "GER-ch U12"]
[Site "Willingen"]
[Date "2005.05.16"]
[Round "5"]
[White "Berchtenbreiter, Maximilian"]
[Black "Wapenhans, Martin"]
[Result "0-1"]
[WhiteElo "1631"]
[BlackElo "1416"]
[PlyCount "112"]
[EventDate "2005.05.14"]
[EventType "swiss"]
[EventRounds "11"]
[EventCountry "GER"]
[SourceTitle "CBM 106 Extra"]
[Source "ChessBase"]
[SourceDate "2005.07.01"]
[SourceVersion "1"]
[SourceVersionDate "2005.07.01"]
[SourceQuality "1"]

1. e4 c5 2. c3 d5 3. exd5 Qxd5 4. d4 Nf6 5. Nf3 Bg4 6. Be2 e6 7. Be3 cxd4 8. cxd4 Nc6 9. 0-0 Bb4 10. a3 Ba5 11. b4 Bb6 12. Nc3 Qd6 13. Rc1 0-0 14. Qd2 Rac8 15. Rfd1 Rfd8 16. Na4 Ne7 17. Bf4 Qd5 18. Nxb6 axb6 19. Bc7 Re8 20. Bxb6 Qb3 21. Qe3 Qxe3 22. fxe3 Ned5 23. Bc5 Nxe3 24. Re1 Nfd5 25. Bb5 Red8 26. Rb1 Nc2 27. Ne5 Bf5 28. Bd7 Nxe1 29. Rxe1 Ra8 30. g4 Bg6 31. b5 b6 32. Bc6 Ra4 33. Bxd5 bxc5 34. Nc6 Rxd5 35. Ne7+ Kf8 36. Nxd5 exd5 37. dxc5 Rxa3 38. b6 Rb3 39. Rc1 Ke8 40. c6 Kd8 41. Ra1 Rxb6 42. Ra8+ Kc7 43. Rg8 Kxc6 44. Rxg7 d4 45. h4 h5 46. gxh5 Bxh5 47. Rh7 Rb5 48. Kf2 Re5 49. Rh8 Kd7 50. Ra8 d3 51. Ra2 Re2+ 52. Rxe2 dxe2 53. Kg2 e1Q 54. Kh3 Ke6 55. Kh2 Kf5 56. Kg2 Kf4 0-1

[Event "GER-ch U12"]
[Site "Willingen"]
[Date "2005.05.15"]
[Round "1"]
[White "Wapenhans, Martin"]
[Black "Weber, Raphael"]
[Result "1/2-1/2"]
[WhiteElo "1416"]
[BlackElo "1721"]
[PlyCount "53"]
[EventDate "2005.05.14"]
[EventType "swiss"]
[EventRounds "11"]
[EventCountry "GER"]
[SourceTitle "CBM 106 Extra"]
[Source "ChessBase"]
[SourceDate "2005.07.01"]
[SourceVersion "1"]
[SourceVersionDate "2005.07.01"]
[SourceQuality "1"]

1. d4 Nf6 2. Nf3 g6 3. Bf4 Bg7 4. h3 d6 5. e3 0-0 6. Be2 c5 7. c3 b6 8. 0-0 Bb7 9. Qd2 e6 10. c4 cxd4 11. exd4 d5 12. Na3 Nc6 13. Rac1 Qe7 14. Nb5 Rfd8 15. Qe3 Rac8 16. Ne5 a6 17. Nxc6 Bxc6 18. Na3 dxc4 19. Bxc4 b5 20. Be2 Nd5 21. Qg3 Nxf4 22. Qxf4 Rxd4 23. Qe3 Rdd8 24. Rc2 Bd4 25. Qg3 Qd6 26. Qxd6 Rxd6 27. Rfc1 1/2-1/2

[Event "GER-chT U12"]
[Site "Verden"]
[Date "2004.12.29"]
[Round "5.3"]
[White "Muehlbayer, Kevin"]
[Black "Wapenhans, Martin"]
[Result "1-0"]
[WhiteElo "1364"]
[BlackElo "1337"]
[PlyCount "51"]
[EventDate "2004.12.27"]
[EventType "team-swiss"]
[EventRounds "7"]
[EventCountry "GER"]
[SourceTitle "EXT 2006"]
[Source "ChessBase"]
[SourceDate "2005.11.24"]
[SourceVersion "1"]
[SourceVersionDate "2005.11.24"]
[SourceQuality "1"]

1. e4 c5 2. Nf3 Nc6 3. d4 cxd4 4. Nxd4 Nf6 5. Nc3 e5 6. Ndb5 d6 7. Bg5 a6 8. Na3 b5 9. Nd5 Be7 10. Bxf6 Bxf6 11. c3 0-0 12. Nc2 Bg5 13. Be2 f5 14. exf5 Bxf5 15. 0-0 Kh8 16. Bd3 Ne7 17. Nxe7 Qxe7 18. Bxf5 Rxf5 19. Qd5 Ra7 20. Rad1 Rf6 21. Nb4 Qd7 22. Nc6 Rb7 23. Nxe5 Qe7 24. Nf3 Bf4 25. Rfe1 Qd7 26. Qxb7 1-0

[Event "GER-ch U10"]
[Site "Willingen"]
[Date "2003.06.12"]
[Round "9"]
[White "Wapenhans, Martin"]
[Black "Begeluri, Nino"]
[Result "0-1"]
[WhiteElo "1288"]
[BlackElo "1152"]
[PlyCount "142"]
[EventDate "2003.06.08"]
[EventType "swiss"]
[EventRounds "11"]
[EventCountry "GER"]
[SourceTitle "CBM 094 Extra"]
[Source "ChessBase"]
[SourceDate "2003.07.09"]
[SourceVersion "2"]
[SourceVersionDate "2003.07.09"]
[SourceQuality "1"]

1. e4 c5 2. Nf3 Nc6 3. Nc3 d6 4. Bc4 e5 5. 0-0 Be6 6. Bxe6 fxe6 7. d3 h6 8. Ne1 Nf6 9. f4 exf4 10. Bxf4 e5 11. Be3 a6 12. Nd5 Nxd5 13. exd5 Ne7 14. c4 b5 15. b3 Nc8 16. Qh5+ Kd7 17. Rf7+ Ne7 18. Bg5 Rg8 19. Qg4+ Ke8 20. Bxe7 Bxe7 21. Rxg7 Rxg7 22. Qxg7 Bf8 23. Qg6+ Kd7 24. Qe6+ Kc7 25. Nf3 Qe7 26. Qxe7+ Bxe7 27. Re1 Rf8 28. a3 Rf4 29. g3 Rxf3 30. Rd1 bxc4 31. bxc4 Kb6 32. Kg2 Rf6 33. Rf1 Rxf1 34. Kxf1 Ka5 35. h4 Ka4 36. Kf2 Kxa3 37. Kf3 Kb3 38. Kg4 a5 39. Kh5 a4 40. Kxh6 a3 41. h5 a2 42. g4 a1Q 43. g5 Bxg5+ 44. Kxg5 Qg1+ 45. Kh6 Qe3+ 46. Kg6 Qxd3+ 47. Kg5 Qxc4 48. h6 Qxd5 49. h7 e4+ 50. Kg6 e3 51. h8Q Qg2+ 52. Kf7 e2 53. Qb8+ Kc4 54. Qb2 Qd5+ 55. Kg7 e1Q 56. Qa2+ Kd4 57. Qb2+ Qc3 58. Qf2+ Kc4+ 59. Kh6 Qdd2+ 60. Qxd2 Qxd2+ 61. Kh5 Qg2 62. Kh4 Kd4 63. Kh5 Qg3 64. Kh6 Qg4 65. Kh7 Qg5 66. Kh8 Ke5 67. Kh7 Qh5+ 68. Kg7 Kf5 69. Kf8 Qh7 70. Ke8 Ke6 71. Kf8 Qf7# 0-1

[Event "GER-ch U10"]
[Site "Willingen"]
[Date "2003.06.09"]
[Round "3"]
[White "Wapenhans, Martin"]
[Black "Baisakow, Christine"]
[Result "1-0"]
[WhiteElo "1288"]
[BlackElo "1060"]
[PlyCount "125"]
[EventDate "2003.06.08"]
[EventType "swiss"]
[EventRounds "11"]
[EventCountry "GER"]
[SourceTitle "CBM 094 Extra"]
[Source "ChessBase"]
[SourceDate "2003.07.09"]
[SourceVersion "2"]
[SourceVersionDate "2003.07.09"]
[SourceQuality "1"]

1. e4 e6 2. d4 d5 3. exd5 exd5 4. g3 Nf6 5. Bg2 Bd6 6. Nc3 Be6 7. Bg5 Nbd7 8. Bxd5 Bxd5 9. Nxd5 h6 10. Bxf6 Nxf6 11. Nxf6+ Qxf6 12. Qe2+ Be7 13. c3 0-0 14. Qf3 Qb6 15. Rb1 Rfe8 16. Ne2 Bd6 17. 0-0 Re6 18. Rfe1 Rf6 19. Qd3 c5 20. a3 Rd8 21. b4 cxd4 22. Qxd4 Qc6 23. c4 Qf3 24. c5 Bc7 25. Qe3 Qxe3 26. fxe3 b6 27. Rec1 bxc5 28. Rxc5 Bb6 29. Rc3 Re8 30. Nd4 Rd6 31. Rd1 Red8 32. Rcd3 a6 33. Kf2 Rf6+ 34. Ke2 Rfd6 35. Nc6 Rxd3 36. Rxd3 Rxd3 37. Kxd3 Kf8 38. a4 Ke8 39. e4 Kd7 40. Nb8+ Ke6 41. Nxa6 f5 42. exf5+ Kxf5 43. a5 Bg1 44. h3 g5 45. b5 h5 46. b6 Bh2 47. b7 Bxg3 48. b8Q Bxb8 49. Nxb8 g4 50. hxg4+ hxg4 51. Ke3 Ke6 52. a6 Kd6 53. a7 Kc7 54. a8Q g3 55. Qc6+ Kxb8 56. Qd7 Ka8 57. Kf3 Kb8 58. Kxg3 Ka8 59. Kf4 Kb8 60. Ke5 Ka8 61. Kd6 Kb8 62. Kc6 Ka8 63. Qb7# 1-0